El fuero del trabajo de la Ciudad Autónoma de Buenos Aires, su contundente constitucionalidad. Competencia, aspectos prácticos de su funcionamiento / (Registro nro. 6003)
[ vista simple ]
| 000 -LEADER | |
|---|---|
| fixed length control field | 01657nab a22002297a 4500 |
| 003 - CONTROL NUMBER IDENTIFIER | |
| control field | OSt |
| 005 - DATE AND TIME OF LATEST TRANSACTION | |
| control field | 20260115224204.0 |
| 008 - FIXED-LENGTH DATA ELEMENTS--GENERAL INFORMATION | |
| fixed length control field | 190605e xxu||||| |||| 00| 0 spa d |
| 040 ## - CATALOGING SOURCE | |
| Transcribing agency | PJ |
| 100 ## - MAIN ENTRY--PERSONAL NAME | |
| 9 (RLIN) | 6815 |
| Personal name | Yasin, Omar Nills |
| 245 13 - TITLE STATEMENT | |
| Title | El fuero del trabajo de la Ciudad Autónoma de Buenos Aires, su contundente constitucionalidad. Competencia, aspectos prácticos de su funcionamiento / |
| Statement of responsibility, etc | Omar Nills Yasin, Alberto A. Edgardo Khalil. |
| 260 ## - PUBLICATION, DISTRIBUTION, ETC. (IMPRINT) | |
| Place of publication, distribution, etc | Ciudad Autónoma de Buenos Aires : |
| Name of publisher, distributor, etc | Thomson Reuters La Ley, |
| Date of publication, distribution, etc | 2025. |
| 300 ## - PHYSICAL DESCRIPTION | |
| Extent | p. 5-21 |
| 500 ## - GENERAL NOTE | |
| General note | Cita Online: Cita: TR LALEY AR/DOC/842/2025. |
| 505 ## - FORMATTED CONTENTS NOTE | |
| Formatted contents note | Sumario: I. Introducción.— II. El inicio del derrotero en vísperas del escenario final, caso "Asociación de Magistrados y Funcionarios de la Justicia Nacional c/ Gobierno de la Ciudad Autónoma de Buenos Aires (leyes 6789 y 6790) y otro s/ medida cautelar (autónoma)".— III. Nuestra opinión respecto de un fallo que ciertamente se aleja de lo que supuestamente debería defender.— IV. El caso del Tribunal de trabajo para el personal de casas particulares.— V. El caso de la ley 27.348 complementaria de la Ley sobre Riesgos del Trabajo.— VI. Colisión de competencias, dilucidación de posibles planteos.— VII. Conclusión. <br/> |
| 505 ## - FORMATTED CONTENTS NOTE | |
| Title | ¿Te interesa el texto completo? Solicitalo al correo: koha@justierradelfuego.gov.ar<br/> |
| 650 #0 - SUBJECT ADDED ENTRY--TOPICAL TERM | |
| 9 (RLIN) | 1316 |
| Topical term or geographic name as entry element | DERECHO LABORAL |
| 650 #0 - SUBJECT ADDED ENTRY--TOPICAL TERM | |
| 9 (RLIN) | 2397 |
| Topical term or geographic name as entry element | COMPETENCIA |
| 700 ## - ADDED ENTRY--PERSONAL NAME | |
| 9 (RLIN) | 6816 |
| Personal name | Khalil, Alberto A. Edgardo |
| 773 0# - HOST ITEM ENTRY | |
| Host Biblionumber | 2711 |
| Host Itemnumber | 3168 |
| Place, publisher, and date of publication | Ciudad Autónoma de Buenos Aires : Thomson Reuters La Ley, 1999-2002. |
| Title | Revista de derecho del trabajo. Nº 3 - Mayo 2025 |
| 942 ## - ADDED ENTRY ELEMENTS (KOHA) | |
| Source of classification or shelving scheme | |
| Koha item type | Analítica Artículo de Revista |
No hay ítems disponibles.
